000 01929cam a22004934i 4500
003 PE-LiUPU
005 20250731173013.0
008 150616s1978 sp a r 000 0 spa d
035 _a(Sirsi) a2296
040 _aPE-LiUPU
_bspa
_cPE-LiUPU
_erda
049 _aPRUA
082 0 4 _a289.2
_bK54
_221
100 1 _aKilduff, Marshall,
_eautor.
245 1 3 _aEl culto del suicidio :
_bhistoria íntima de la secta del templo del pueblo Jim Jones y la masacre de Guyana /
_cMarshall Kilduff.
264 1 _aEspaña :
_bEditorial Cosmos,
_c1978.
300 _a166 páginas :
_bilustraciones ;
_c20 centímetros.
336 _atext
_2rdacontent
337 _aunmediated
_2rdamedia
338 _avolume
_2rdacarrier
490 0 _aColección libro elegido
505 0 _aPort kaituma -- Templo del pueblo, San Francisco -- El comienzo -- Redwood Valley -- San Francisco -- Intimidades del templo del pueblo -- Guyana -- Jonestown: el principio del fin -- Deborah Layton: escape y revelaciones -- El congresista Leo Ryan -- Informe de un testigo presencial: Guyana -- Armagedón.
526 _aSEG42
526 _aSEG41
526 _aSEG40
526 _aSEG39
526 _aP94
526 _aP87
526 _aP86
526 _aP85
526 _aP77
526 _aP76
526 _aP35
600 1 _aJones, Jom,
_d1931-1978.
650 0 4 _aSuicidio.
650 0 4 _aTemplo del Pueblo.
700 1 _aRon Javers.
910 _ajck
_bjvq
_cjck
942 _2ddc
_cBOOK
949 _a289.2 K54
_wDEWEY
_c1
_i20247
_lCCODEBUL1
_mBUL
_p00.00
_r0
_sY
_tBOOK
_u19820623
_xTEOLOGIA
_zUNKNOWN
_0COMPRA
_o.STAFF. Colección General
994 _aC0
_bPEPRU
596 _a1
999 _a289.2 K54
_wDEWEY
_c23583
_i20247
_d23583
_e2017-6-1
_f2021-11-12
_g5
_lCCODEBUL1
_mBUL
_n2
_p20.00
_r0
_sY
_tBOOK
_u2015-6-16
_xTEOLOGIA
_PP35
_0COMPRA
_o.STAFF. Colección Teología
980 _81
_gALBERTO SANCHEZ Responsable de Automatización